| 000 | 00833nam a2200217 a 4500 | ||
|---|---|---|---|
| 001 | 78512 | ||
| 003 | BD-RjUL | ||
| 005 | 20211209083134.0 | ||
| 008 | 210929s2020 bg ||||| |||| 00| 0 ben d | ||
| 035 | _a(BD-RjUL)78738 | ||
| 040 |
_aBD-RjUL _beng _cBD-RjUL |
||
| 041 | _aben | ||
| 082 |
_223 _a297.12259144 _bAHK 2020 |
||
| 100 |
_aআহমেদ, এম ইউ _9248701 |
||
| 245 | 1 | 0 |
_aকোরআনের সুস্পষ্ট আয়াতসমূহ যা এ কিতাবের আসল অংশ / _cএম ইউ আহমেদ |
| 260 |
_aঢাকা : _bর্যামন পাবলিশার্স, _c২০২০০০০০ |
||
| 300 |
_a১৯১ পৃ.; _c২২ সেমি. |
||
| 650 |
_aকোরআন (বাংলা) _9248702 |
||
| 650 |
_aQur'an (Bengali ) _9248703 |
||
| 942 |
_2ddc _cBK |
||
| 999 |
_c78512 _d78512 |
||